[Event "Santo Antonio de Jesus Bahia op"]
[Site "Santo Antonio de Jesus"]
[Date "2022.07.09"]
[Round "5"]
[White "Fernandes, Mauricio Santos"]
[Black "Da Silva, Jean Henrique da Ro"]
[Result "0-1"]
[WhiteElo "1948"]
[BlackElo "1754"]
[PlyCount "66"]
[EventDate "2022.07.07"]
[EventType "swiss"]
[EventRounds "6"]
[EventCountry "BRA"]
[SourceTitle "CBM 209 Extra"]
[Source "ChessBase"]
[SourceDate "2022.09.30"]
[SourceVersion "1"]
[SourceVersionDate "2022.09.30"]
[SourceQuality "1"]

1. d4 Nf6 2. Nf3 g6 3. g3 Bg7 4. Bg2 0-0 5. 0-0 d6 6. Nbd2 Nbd7 7. e4 e5 8. c3 Re8 9. Re1 a5 10. a4 h6 11. Qc2 Qe7 12. b3 Nh5 13. dxe5 Nxe5 14. Nxe5 Qxe5 15. Bb2 Bd7 16. Rab1 Qc5 17. Bf1 Bc6 18. Bc4 Re7 19. b4 Qg5 20. b5 Bd7 21. h4 Qc5 22. Kg2 Rae8 23. Bd5 Qa7 24. Ba3 b6 25. Nb3 Nf6 26. c4 Nxd5 27. cxd5 f5 28. f3 fxe4 29. fxe4 Qa8 30. Bb2 Bf5 31. Bxg7 Bxe4+ 32. Rxe4 Rxe4 33. Qc3 Re2+ 0-1

[Event "Recife Tavares Memorial 2nd"]
[Site "Recife"]
[Date "2019.05.11"]
[Round "3"]
[White "Fernandes, Mauricio Santos"]
[Black "Brito, Luismar Jorge"]
[Result "0-1"]
[WhiteElo "1930"]
[BlackElo "2282"]
[PlyCount "84"]
[EventDate "2019.05.10"]
[EventType "swiss"]
[EventRounds "6"]
[EventCountry "BRA"]
[SourceTitle "CBM 190 Extra"]
[Source "ChessBase"]
[SourceDate "2019.07.15"]
[SourceVersion "1"]
[SourceVersionDate "2019.07.15"]
[SourceQuality "1"]

1. Nf3 c5 2. c4 Nc6 3. Nc3 b6 4. g3 Bb7 5. Bg2 Ne5 6. b3 Bxf3 7. exf3 Nd3+ 8. Kf1 e6 9. Ba3 f5 10. f4 Rc8 11. Qh5+ g6 12. Qe2 Nb4 13. Nd5 Bg7 14. d4 Bxd4 15. Rd1 Nc6 16. Bb2 Kf7 17. Rxd4 cxd4 18. h4 h5 19. Ne3 Qf6 20. Bf3 Nge7 21. Kg2 d6 22. Rd1 Rhe8 23. Kh2 e5 24. fxe5 dxe5 25. Nd5 Qd6 26. Bg2 Nxd5 27. Bxd5+ Kg7 28. Qd2 Rcd8 29. f4 e4 30. Bxc6 Qxc6 31. Bxd4+ Kh7 32. Qe3 Rd7 33. Re1 Qd6 34. Be5 Qd2+ 35. Qe2 Red8 36. Bf6 Qxe2+ 37. Rxe2 Rd2 38. Bxd8 Rxe2+ 39. Kg1 Rxa2 40. b4 Rc2 41. c5 bxc5 42. bxc5 Rxc5 0-1

[Event "Joao Pessoa Fischer Memorial 10th"]
[Site "Joao Pessoa"]
[Date "2019.03.31"]
[Round "5"]
[White "Jordao Barbosa, Marcio Ferre"]
[Black "Fernandes, Mauricio Santos"]
[Result "1-0"]
[WhiteElo "2132"]
[BlackElo "1935"]
[PlyCount "83"]
[EventDate "2019.03.29"]
[EventType "swiss"]
[EventRounds "6"]
[EventCountry "BRA"]
[SourceTitle "CBM 190 Extra"]
[Source "ChessBase"]
[SourceDate "2019.07.15"]
[SourceVersion "1"]
[SourceVersionDate "2019.07.15"]
[SourceQuality "1"]

1. e4 e5 2. Nf3 Nc6 3. Bc4 Bc5 4. c3 Nf6 5. d4 exd4 6. e5 d5 7. Bb5 Ng4 8. cxd4 Bb4+ 9. Nc3 h5 10. Qb3 0-0 11. h3 Nh6 12. Bxh6 gxh6 13. Bxc6 Bxc3+ 14. Qxc3 bxc6 15. Qxc6 Be6 16. 0-0 Kh8 17. Qc1 Kh7 18. Qc2+ Kh8 19. Rac1 Rc8 20. Qd2 Kh7 21. Rc3 Rg8 22. Kh2 Bd7 23. Rfc1 c6 24. Qf4 Rg7 25. Nh4 Qg5 26. Rf3 Kg8 27. g3 Rb8 28. b3 Rb4 29. Rc5 Kh7 30. Ra5 Rb7 31. Ra6 Rc7 32. Nf5 Rg6 33. Nd6 Be6 34. Ne8 Rc8 35. Nf6+ Kg7 36. Rxa7 c5 37. dxc5 Rxc5 38. Ra8 Rc8 39. Rxc8 Bxc8 40. Nxh5+ Qxh5 41. Qxf7+ Kh8 42. Qe8+ 1-0

[Event "Bahia-ch final"]
[Site "Juazeiro do Norte"]
[Date "2018.10.13"]
[Round "4"]
[White "Marques, Eudes Pinto"]
[Black "Fernandes, Mauricio Santos"]
[Result "0-1"]
[WhiteElo "1899"]
[BlackElo "1898"]
[PlyCount "70"]
[EventDate "2018.10.12"]
[EventType "swiss"]
[EventRounds "6"]
[EventCountry "BRA"]
[SourceTitle "CBM 187 Extra"]
[Source "ChessBase"]
[SourceDate "2018.11.04"]
[SourceVersion "1"]
[SourceVersionDate "2018.11.04"]
[SourceQuality "1"]

1. c4 Nf6 2. Nc3 e5 3. Nf3 Nc6 4. a3 Be7 5. e3 0-0 6. Be2 d5 7. cxd5 Nxd5 8. 0-0 Be6 9. Qc2 f5 10. Nxd5 Bxd5 11. Bc4 e4 12. Ne1 Kh8 13. f4 Rf6 14. d4 Rh6 15. Bd2 Bf6 16. Rc1 Ne7 17. Bb4 Bxc4 18. Bxe7 Bxe7 19. Qxc4 Rc6 20. Qxc6 bxc6 21. Rf2 Rb8 22. Rc3 Rb6 23. Rfc2 Qd5 24. b4 g5 25. fxg5 Bxg5 26. g3 a5 27. h4 Bh6 28. Ng2 axb4 29. axb4 Bf8 30. Nf4 Qd7 31. b5 Rxb5 32. Rxc6 Bd6 33. Ne2 Rb2 34. Rxd6 Rb1+ 35. Kf2 Qxd6 0-1

[Event "Concordia op 4th"]
[Site "Concordia"]
[Date "2018.06.30"]
[Round "4"]
[White "Fernandes, Mauricio Santos"]
[Black "Gauche, Charles"]
[Result "0-1"]
[WhiteElo "1863"]
[BlackElo "2235"]
[PlyCount "108"]
[EventDate "2018.06.29"]
[EventType "swiss"]
[EventRounds "6"]
[EventCountry "BRA"]
[SourceTitle "EXT 2019"]
[Source "ChessBase"]
[SourceDate "2018.10.10"]
[SourceVersion "1"]
[SourceVersionDate "2018.10.10"]
[SourceQuality "1"]

1. d4 Nf6 2. Nf3 g6 3. c4 Bg7 4. Nc3 0-0 5. Bf4 d6 6. e3 Nbd7 7. Be2 c6 8. 0-0 Qe8 9. Re1 e5 10. Bg5 h6 11. Bh4 Nh7 12. e4 f5 13. exf5 gxf5 14. dxe5 dxe5 15. Bf1 Qh5 16. g3 e4 17. Nd4 Qxd1 18. Raxd1 Ne5 19. Be7 Re8 20. Bd6 Ng5 21. Bxe5 Bxe5 22. Bg2 Bd7 23. f4 exf3 24. Nxf3 Bxc3 25. bxc3 Be6 26. Nd4 Bxc4 27. Nxf5 Nf7 28. a3 Rxe1+ 29. Rxe1 Bd3 30. Nd4 Rd8 31. Re7 Ba6 32. Bh3 Ng5 33. Bg4 Rf8 34. h4 Nh7 35. Ne6 Rf1+ 36. Kg2 Nf6 37. Bf3 Re1 38. g4 Bc4 39. g5 Rxe6 40. Rxe6 Bxe6 41. gxf6 Kf7 42. Kg3 Kxf6 43. Kf4 Bd5 44. Bg4 c5 45. Bd7 b6 46. Be8 Bc4 47. Bc6 b5 48. Ke4 a5 49. Kf4 b4 50. cxb4 cxb4 51. axb4 axb4 52. Be4 b3 53. Ke3 b2 54. Bb1 Be6 0-1

[Event "Salvador Bahia-ch"]
[Site "Salvador"]
[Date "2017.12.17"]
[Round "4"]
[White "Neves, Carlos Alberto"]
[Black "Fernandes, Mauricio Santos"]
[Result "1-0"]
[WhiteElo "1937"]
[BlackElo "1939"]
[PlyCount "61"]
[EventDate "2017.12.15"]
[EventType "swiss"]
[EventRounds "5"]
[EventCountry "BRA"]
[SourceTitle "CBM 182 Extra"]
[Source "ChessBase"]
[SourceDate "2018.02.23"]
[SourceVersion "1"]
[SourceVersionDate "2018.02.23"]
[SourceQuality "1"]

1. e4 e6 2. Nc3 d5 3. d4 Bb4 4. Qg4 Ne7 5. Qxg7 Rg8 6. Qxh7 c5 7. Be3 Qa5 8. Nge2 Nbc6 9. 0-0-0 cxd4 10. Rxd4 Nxd4 11. Bxd4 Bd7 12. Kb1 0-0-0 13. Nc1 Bxc3 14. Bxc3 Qb6 15. Qxf7 d4 16. Bd2 Nc6 17. Nd3 a5 18. a3 Rdf8 19. Qh5 Rh8 20. Qe2 e5 21. g4 Qc7 22. g5 Ne7 23. h4 Ng6 24. h5 Bb5 25. Bh3+ Bd7 26. Bxd7+ Qxd7 27. Qf1 Qg4 28. hxg6 Rhg8 29. Nxe5 Qxe4 30. Qc4+ Kb8 31. Nd7+ 1-0